Centrum chorvátskej kultúry, Jarovce

Gespeichert in:
Bibliographische Detailangaben
1. Verfasser: Palková, Valéria (Verfasst von)
Weitere Verfasser: Rolenčíková, Gabriela (Betreuung Doktorarbeit)
Format: Manuskript Buch
Sprache:Slowakisch
Veröffentlicht: 2025
Schlagworte:
Online-Zugang:http://is.stuba.sk/zp/portal_zp.pl?podrobnosti=168470
Tags: Tag hinzufügen
Keine Tags, Fügen Sie das erste Tag hinzu!

MARC

LEADER 00000ntm a22000003a 4500
001 stuzp105187
003 SK-STU
005 20250614213657.0
007 ta
008 150427s2015----xo-----f-mn---000-0-slo-d
040 |a STU  |b slo 
041 0 |a slo 
100 1 |a Palková, Valéria  |u 054140  |4 aut  |U FAD Fakulta architektúry a dizajnu  |T FAD Ústav konštrukcií v architektúre a inžinierskych stavieb  |X 115786  |U A4140  |Y 395  |7 115786 
242 0 1 |a Croatian Cultural Center, Jarovce  |y eng 
245 1 0 |a Centrum chorvátskej kultúry, Jarovce 
260 |c 2025 
650 4 |a Croatian culture  |2 eng 
650 4 |a connectivity  |2 eng 
650 4 |a public space  |2 eng 
650 4 |a cultural centre  |2 eng 
650 4 |a chorvátska kultúra  |2 slo 
650 4 |a prepojenie  |2 slo 
650 4 |a verejný priestor  |2 slo 
650 4 |a kultúrne centrum  |2 slo 
700 1 |a Rolenčíková, Gabriela  |u 054140  |k Z9  |4 ths  |U FAD Fakulta architektúry a dizajnu  |T FAD Ústav konštrukcií v architektúre a inžinierskych stavieb  |X 49516  |U A4140  |Y 395  |7 49516 
856 4 |u http://is.stuba.sk/zp/portal_zp.pl?podrobnosti=168470